Chemical engineering design / (Record no. 3559)
[ view plain ]
| 000 -LEADER | |
|---|---|
| fixed length control field | 00495nam a22001575i 4500 |
| 008 - FIXED-LENGTH DATA ELEMENTS--GENERAL INFORMATION | |
| fixed length control field | 190426s2019 mau 000 0 eng |
| 020 ## - INTERNATIONAL STANDARD BOOK NUMBER | |
| ISBN | 9780081025994 |
| 100 1# - MAIN ENTRY--AUTHOR | |
| Author | Towler, Gavin. |
| 245 10 - TITLE STATEMENT | |
| Title | Chemical engineering design / |
| Statement of responsibility, etc | Gavin Towler. |
| Remainder of title | Coulson and Richardsons Chemical Engineering Series |
| 250 ## - EDITION STATEMENT | |
| Edition statement | 6th edition. |
| 260 ## - PUBLICATION, DISTRIBUTION, ETC. (IMPRINT) | |
| Place of publication | Oxford |
| Name of publisher | Butter - Heinemann |
| Date of publication | 2020 |
| 300 ## - COLLATION | |
| Pagination | xxxi, 1262p. 23.5cm |
| Other physical details | illustration; |
| 650 ## - TRACINGS | |
| Main Subject | Chemical Engineering. |
| 942 ## - ADDED ENTRY ELEMENTS (KOHA) | |
| Item type | Books |
| 050 ## - LIBRARY OF CONGRESS CALL NUMBER | |
| Classification number | TP155 |
| Item number | .T69 |
| Source of classification or shelving scheme | Not for loan | Permanent location | Current location | Date acquired | Accession No. | Full call number | Barcode. | Koha item type |
|---|---|---|---|---|---|---|---|---|
| Library of Congress Classification | Samuel Ogbemudia Main Library, University of Abuja | Samuel Ogbemudia Main Library, University of Abuja | 05/20/2025 | 2024/64226 | TP155.T69 | 2025-2029 | Books |